00491nam a2200169Ia 4500999001700000003000400017005001700021008004100038040000900079082002000088100003600108245004900144260005200193300000800245650002200253942004600275 c25673d25673OSt20201230160222.0190216s9999||||xx |||||||||||||| ||und|| coclc a894.8121bMEN/A aMenon, Vallathol Narayana97417 0aAchanum Makalum /cVallathol Narayana Menon  bVallathol Grandhalayam, c1967.aCheruthuruthi: a64p aMalayalam Kavitha cBK2ddch894.8121iMEN/Ak894.8121mMEN/A